00240nam a2200097Ia 45000010005000000080041000050820019000461000026000652450022000912600029001131247241024s9999 xx 000 0 und d aRD/923.1/A485c aCarlos Amarante Baret 0aCartas a Don Juan bEditora Centenarioc2010